000 00821nam a2200229 i 4500
001 96025
003 ES-MaACL
005 20240522092752.0
007 t|
008 050609s1971 sp ||||1| spa d
100 1 _aMachado, Antonio,
_d1875-1939
_975151
245 1 0 _aNuevas canciones ;
_bDe un cancionero apócrifo /
_cAntonio Machado ; edición, introducción y notas de José Mª Valverde.
246 3 _aDe un cancionero apócrifo
260 _aMadrid :
_bCastalia,
_c1971.
300 _a263 p., 4 lám. ;
_c18 cm.
490 1 _aClásicos Castalia ;
_v32
600 1 4 _aMachado, Antonio,
_d1875-1939-
_xCrítica e interpretación
_975154
700 1 _aValverde, José María,
_d1926-1996
_9113013
830 1 _aClásicos Castalia ;
_v32
_9178595
852 _aES-MaACL
_jE-8491
999 _c96025
_d96025